[Event "20th Reykjavik op"]
[Site "Reykjavik ISL"]
[Date "2002.03.14"]
[Round "8"]
[White "Halldorsson, Jon Arni"]
[Black "Gretarsdottir, Lilja"]
[Result "1-0"]
[WhiteElo "2181"]
[BlackElo "2056"]
[EventDate "2002.03.07"]
[PlyCount "137"]

1.d4 d5 2.c4 c6 3.Nf3 Nf6 4.Nc3 dxc4 5.a4 Bf5 6.e3 e6 7.Bxc4 Bb4 8.O-O 
Nbd7 9.Qe2 Bg6 10.Rd1 O-O 11.Ne5 Qe7 12.Nxg6 hxg6 13.e4 e5 14.d5 Rfd8 15.
Bg5 Rac8 16.a5 Nc5 17.f3 Qc7 18.Na2 Qxa5 19.Nxb4 Qxb4 20.Bd2 Qxb2 21.Rab1 
Qd4+ 22.Be3 Qc3 23.Bxc5 cxd5 24.Be7 Re8 25.Bxf6 Qxc4 26.Qxc4 dxc4 27.Bg5 
Rc7 28.Rdc1 c3 29.Rc2 a6 30.Rb6 f6 31.Be3 Rd8 32.Kf2 Kf7 33.Ke2 Rdc8 34.
Rb3 b5 35.Bb6 Rc4 36.Ba5 Ra4 37.Rbxc3 Rxc3 38.Bxc3 b4 39.Bb2 Ra2 40.Kd3 a5
41.Kc4 a4 42.Kxb4 a3 43.Rc7+ Ke6 44.Bxa3 Rxg2 45.Rxg7 f5 46.Kc4 Kf6 47.Rh7
Rf2 48.Rh3 Rd2 49.Bc5 Rd1 50.Be3 Rd7 51.Rh8 Rd1 52.h4 f4 53.Bb6 Rf1 54.
Bd8+ Kg7 55.Re8 Rxf3 56.Rxe5 Rf1 57.Bg5 f3 58.Kd3 Re1 59.Be3 Rd1+ 60.Kc2 
Rh1 61.Bd4 Kf7 62.Kd2 Rxh4 63.Ke3 Rh3 64.Kf2 Rh1 65.Kxf3 Rd1 66.Rd5 Ke6 
67.Ke2 Rh1 68.Rg5 Kf7 69.Kd3 1-0

[Event "20th Reykjavik op"]
[Site "Reykjavik ISL"]
[Date "2002.03.14"]
[Round "8"]
[White "Hardarson, Robert"]
[Black "Miezis, Normunds"]
[Result "0-1"]
[WhiteElo "2298"]
[BlackElo "2498"]
[EventDate "2002.03.07"]
[PlyCount "60"]

1.e4 c5 2.d4 cxd4 3.c3 dxc3 4.Nxc3 e6 5.Nf3 a6 6.Bc4 Nc6 7.O-O Nge7 8.Bg5 
f6 9.Be3 b5 10.Bb3 Ng6 11.Nd2 Bb4 12.f4 Qe7 13.Qh5 O-O 14.Rf3 Rf7 15.Nd5 
exd5 16.exd5 Na5 17.d6 Bxd6 18.Rh3 Nf8 19.Bd5 Bb7 20.Ne4 g6 21.Bxf7+ Kxf7 
22.Nxd6+ Qxd6 23.Qg4 f5 24.Qg5 Nc4 25.Bf2 Re8 26.b3 Nd2 27.Re3 Rxe3 28.
Bxe3 Ne4 29.Qd8 Qd5 30.Rc1 Ng3 0-1

[Event "20th Reykjavik op"]
[Site "Reykjavik ISL"]
[Date "2002.03.14"]
[Round "8"]
[White "Hillarp Persson, Tiger"]
[Black "Lobron, Eric"]
[Result "0-1"]
[WhiteElo "2456"]
[BlackElo "2517"]
[EventDate "2002.03.07"]
[PlyCount "66"]

1.d4 e6 2.c4 f5 3.g3 Nf6 4.Bg2 c6 5.Nf3 d5 6.O-O Bd6 7.Bf4 Bxf4 8.gxf4 O-O
9.e3 Bd7 10.Qb3 Qb6 11.Qc2 Be8 12.Nbd2 Qb4 13.cxd5 cxd5 14.Qc5 Qxc5 15.
dxc5 Na6 16.Rfc1 Ne4 17.Nxe4 fxe4 18.Nd4 Nc7 19.c6 b6 20.a4 a6 21.b4 g5 
22.Bh3 Kf7 23.f5 e5 24.Ne6 Nxe6 25.fxe6+ Ke7 26.c7 Bh5 27.Bf1 Rfc8 28.Rc6 
Ra7 29.Bxa6 Rxa6 30.a5 Be2 31.Rac1 bxa5 32.Rxa6 Bxa6 33.bxa5 Bc4 0-1

[Event "20th Reykjavik op"]
[Site "Reykjavik ISL"]
[Date "2002.03.14"]
[Round "8"]
[White "Johansson, Viktoria"]
[Black "Petursson, Gudni"]
[Result "1-0"]
[WhiteElo "2199"]
[BlackElo "2112"]
[EventDate "2002.03.07"]
[PlyCount "125"]

1.d4 d5 2.c4 c6 3.Nc3 Nf6 4.e3 Bf5 5.Nf3 e6 6.Be2 Bb4 7.O-O O-O 8.Qb3 Qe7 
9.a3 Bxc3 10.bxc3 dxc4 11.Bxc4 Ne4 12.a4 Rc8 13.Ba3 Qc7 14.Rfc1 Nd7 15.Nh4
Nd2 16.Qa2 Nxc4 17.Nxf5 exf5 18.Qxc4 a6 19.Qd3 g6 20.c4 Nf6 21.Bb2 Ng4 22.
g3 Re8 23.Qc3 f6 24.Re1 Rf8 25.Rad1 Rad8 26.Ba3 Rf7 27.Bc1 c5 28.h3 Nh6 
29.d5 g5 30.e4 fxe4 31.Rxe4 Qd7 32.Kg2 Qxa4 33.Rde1 Nf5 34.Qd3 Nd6 35.Rg4 
Rg7 36.Bb2 h5 37.Bxf6 hxg4 38.Bxd8 gxh3+ 39.Kh2 Qd7 40.Bf6 Qf7 41.Re6 Rg6 
42.Rxd6 Rxf6 43.Rxf6 Qxf6 44.Kxh3 b5 45.cxb5 axb5 46.d6 Qe6+ 47.Kg2 c4 48.
Qd4 Qd7 49.f3 c3 50.Qxc3 Qxd6 51.Qb3+ Kg7 52.Qxb5 Qd2+ 53.Kh3 Qe3 54.Qd7+ 
Kg6 55.Qd6+ Kg7 56.Qd5 Qe7 57.Kg4 Kh6 58.Qc6+ Kg7 59.Kh5 Qf7+ 60.Kxg5 Qe7+
61.Kg4 Qb4+ 62.Qe4 Qd6 63.Qf5 1-0

[Event "20th Reykjavik op"]
[Site "Reykjavik ISL"]
[Date "2002.03.14"]
[Round "8"]
[White "Jonasson, Benedikt"]
[Black "Einarsson, Einar Kristinn"]
[Result "1-0"]
[WhiteElo "2267"]
[BlackElo "2107"]
[EventDate "2002.03.07"]
[PlyCount "71"]

1.e4 Nf6 2.Nc3 d5 3.e5 Ne4 4.d4 Nxc3 5.bxc3 c5 6.Nf3 Nc6 7.Rb1 Qc7 8.Be2 
Bg4 9.O-O e6 10.Be3 Be7 11.Ng5 Bxe2 12.Qxe2 cxd4 13.cxd4 Nxd4 14.Bxd4 Bxg5
15.Qb5+ Qc6 16.Qxb7 Qxb7 17.Rxb7 O-O 18.Rxa7 Rxa7 19.Bxa7 Ra8 20.Rb1 h6 
21.Rb8+ Rxb8 22.Bxb8 Kf8 23.Kf1 Ke8 24.Ke2 Kd7 25.Kd3 Kc6 26.c4 dxc4+ 27.
Kxc4 g6 28.g3 Bd8 29.Ba7 h5 30.h3 Bc7 31.Bd4 Ba5 32.f3 Be1 33.g4 Ba5 34.a4
Bd8 35.Bc3 Kb6 36.a5+ 1-0

[Event "20th Reykjavik op"]
[Site "Reykjavik ISL"]
[Date "2002.03.14"]
[Round "8"]
[White "Kiss, Pal"]
[Black "Thompson, Ian"]
[Result "0-1"]
[WhiteElo "2390"]
[BlackElo "2209"]
[EventDate "2002.03.07"]
[PlyCount "134"]

1.d4 e6 2.Nf3 Nf6 3.g3 b6 4.Bg2 Bb7 5.c4 Be7 6.O-O O-O 7.Nc3 Ne4 8.Bd2 f5 
9.d5 Bf6 10.Rc1 Na6 11.a3 Nac5 12.b4 Bxc3 13.Bxc3 Nxc3 14.Rxc3 Ne4 15.Rc2 
Qf6 16.Qd4 a5 17.Qxf6 gxf6 18.Nd4 axb4 19.axb4 Rfe8 20.Rd1 Ra4 21.g4 Rxb4 
22.dxe6 dxe6 23.gxf5 exf5 24.Nxf5 Re5 25.Ne3 Kf7 26.f4 Re7 27.Nf5 Re8 28.
Ng3 Nxg3 29.hxg3 Bxg2 30.Kxg2 Re7 31.Kf2 c5 32.Rd6 Rb3 33.Ra2 Rb4 34.Rc2 
Rb3 35.Rd3 Rb4 36.Kf3 Rb1 37.e3 Rf1+ 38.Ke2 Rg1 39.Kf2 Rb1 40.Rcc3 Rb4 41.
Kf3 Ra7 42.Rd6 Re7 43.Rcd3 Rxc4 44.Rxb6 Kg7 45.Rbd6 Rc1 46.Rd7 Kf7 47.R3d6
Rf1+ 48.Ke2 Rg1 49.Kf2 Rc1 50.Rxe7+ Kxe7 51.Rc6 Kf7 52.Kf3 Rc3 53.Ke4 h5 
54.Rc7+ Kg8 55.Re7 Rc1 56.Kf5 Rg1 57.Kxf6 Rxg3 58.e4 h4 59.Ra7 h3 60.Ra8+ 
Kh7 61.Ra2 Rg2 62.Ra3 Rg6+ 63.Ke5 h2 64.f5 h1=Q 65.fxg6+ Kxg6 66.Ra6+ Kg5 
67.Kd5 Qg1 0-1

[Event "20th Reykjavik op"]
[Site "Reykjavik ISL"]
[Date "2002.03.14"]
[Round "8"]
[White "Kjartansson, David"]
[Black "Thorsteinsson, Thorsteinn"]
[Result "1/2-1/2"]
[WhiteElo "2235"]
[BlackElo "2332"]
[EventDate "2002.03.07"]
[PlyCount "123"]

1.f4 d5 2.Nf3 Nf6 3.g3 g6 4.Bg2 Bg7 5.O-O O-O 6.c3 c5 7.d3 b6 8.Na3 Bb7 9.
Kh1 Nbd7 10.Qc2 Qc7 11.Nh4 e6 12.e4 c4 13.e5 cxd3 14.Qxd3 Ne4 15.Nb5 Qd8 
16.Be3 a6 17.Nd4 Rc8 18.Rad1 Qe7 19.Nhf3 b5 20.Nd2 Nec5 21.Qb1 Nb6 22.b3 
Ncd7 23.Qb2 Rc7 24.Nb1 Rfc8 25.Qf2 Nc5 26.Kg1 Nbd7 27.g4 f6 28.Qh4 Qe8 29.
b4 Na4 30.f5 exf5 31.e6 fxg4 32.Bh6 g5 33.Qxg4 Bxh6 34.exd7 Qxd7 35.Qh5 
Bg7 36.Bh3 Qe8 37.Be6+ Kh8 38.Qh3 Ra8 39.Rde1 Re7 40.Bf5 h6 41.Bg6 Qd8 42.
Bc2 Bc8 43.Qh5 f5 44.Nxf5 Rxe1 45.Rxe1 Bxf5 46.Bxf5 Qf6 47.Re8+ Rxe8 48.
Qxe8+ Bf8 49.Qd7 Be7 50.Qxd5 Kg7 51.Be4 Nxc3 52.Nxc3 Qxc3 53.Qe6 Qe1+ 54.
Kg2 Qd2+ 55.Kg1 Bf6 56.Qf5 Bd4+ 57.Kh1 Qe1+ 58.Kg2 Qe2+ 59.Kh1 Qe3 60.Qd7+
Kf8 61.Qd8+ Kf7 62.Qd7+ 1/2-1/2

[Event "20th Reykjavik op"]
[Site "Reykjavik ISL"]
[Date "2002.03.14"]
[Round "8"]
[White "Kristjansson, Stefan"]
[Black "Stefansson, Hannes Hlifar"]
[Result "1-0"]
[WhiteElo "2389"]
[BlackElo "2604"]
[EventDate "2002.03.07"]
[PlyCount "79"]

1.e4 c5 2.Nf3 e6 3.c3 d5 4.exd5 Qxd5 5.d4 Nf6 6.Na3 Qd8 7.Nc4 Be7 8.Be2 
O-O 9.O-O b6 10.Bf4 Bb7 11.Qb3 Nbd7 12.a4 Bd5 13.a5 cxd4 14.cxd4 bxa5 15.
Qb5 Rc8 16.Rfc1 Bxc4 17.Rxc4 Rxc4 18.Qxc4 Qb6 19.Bd2 Bb4 20.Bxb4 axb4 21.
Qa6 Qxa6 22.Rxa6 Rc8 23.Rxa7 Rc2 24.Bd3 Rc1+ 25.Bf1 Rb1 26.Ne5 Nf8 27.g4 
h6 28.h4 Rxb2 29.Rb7 b3 30.Bd3 Nd5 31.Rb8 Nf4 32.Bf1 g5 33.h5 Rd2 34.Rxb3 
Rxd4 35.Rb7 f6 36.Nc6 Rd7 37.Rb8 Rc7 38.Bb5 Rd7 39.f3 Kg7 40.Kf2 1-0

[Event "20th Reykjavik op"]
[Site "Reykjavik ISL"]
[Date "2002.03.14"]
[Round "8"]
[White "Lie, Kjetil"]
[Black "Bjarnason, Saevar"]
[Result "1-0"]
[WhiteElo "2388"]
[BlackElo "2256"]
[EventDate "2002.03.07"]
[PlyCount "89"]

1.c4 Nf6 2.g3 g6 3.Bg2 Bg7 4.Nc3 O-O 5.d3 d6 6.Bg5 h6 7.Bd2 Nc6 8.e4 e5 9.
Nge2 Be6 10.Nd5 Nd7 11.O-O f5 12.Be3 Nf6 13.exf5 gxf5 14.h3 Ne7 15.Nxf6+ 
Rxf6 16.f4 Rg6 17.Qd2 Qd7 18.Rae1 Rd8 19.Kh2 b6 20.b4 Kh7 21.Qc2 c6 22.Rd1
Kh8 23.fxe5 dxe5 24.d4 Qc7 25.dxe5 Rxd1 26.Rxd1 Bxe5 27.Nf4 Rf6 28.Bd4 
Bxd4 29.Rxd4 Qe5 30.Rd2 Bf7 31.Re2 Qd6 32.c5 bxc5 33.bxc5 Qd7 34.Rd2 Nd5 
35.Bxd5 cxd5 36.Qc3 Kg7 37.Qe5 Qe8 38.Qxe8 Bxe8 39.Nxd5 Rc6 40.Rc2 a5 41.
Ne7 Re6 42.Nxf5+ Kg6 43.Nd4 Re4 44.Rd2 Kf6 45.c6 1-0

[Event "20th Reykjavik op"]
[Site "Reykjavik ISL"]
[Date "2002.03.14"]
[Round "8"]
[White "Neverov, Valeriy"]
[Black "Berg, Emanuel"]
[Result "1-0"]
[WhiteElo "2578"]
[BlackElo "2500"]
[EventDate "2002.03.07"]
[PlyCount "77"]

1.d4 e6 2.c4 Nf6 3.Nf3 Bb4+ 4.Nbd2 b6 5.e3 Bb7 6.Bd3 O-O 7.O-O c5 8.a3 
Bxd2 9.Bxd2 d6 10.b4 Nbd7 11.Bc3 Qc7 12.Nd2 cxd4 13.Bxd4 e5 14.Bb2 a5 15.
e4 Rfe8 16.Re1 Nf8 17.Rc1 Ne6 18.f3 Nf4 19.Bf1 h5 20.Nb1 axb4 21.axb4 b5 
22.cxb5 Qb6+ 23.Kh1 d5 24.exd5 Bxd5 25.Rc5 Rad8 26.Rxe5 Ne6 27.Rc1 Ng4 28.
fxg4 Bxg2+ 29.Bxg2 Rxd1+ 30.Rxd1 Rd8 31.Rxd8+ Qxd8 32.Nc3 Nf4 33.Nd5 Nd3 
34.b6 Nxb2 35.b7 Nc4 36.Ne7+ Kf8 37.Rd5 Qb6 38.Nc6 Qxb7 39.Rd8# 1-0

[Event "20th Reykjavik op"]
[Site "Reykjavik ISL"]
[Date "2002.03.14"]
[Round "8"]
[White "Olafsson, Helgi"]
[Black "Ptacnikova, Lenka"]
[Result "1-0"]
[WhiteElo "2474"]
[BlackElo "2239"]
[EventDate "2002.03.07"]
[PlyCount "69"]

1.Nf3 Nf6 2.g3 b5 3.Bg2 Bb7 4.d4 e6 5.O-O c5 6.c3 cxd4 7.cxd4 Be7 8.Bg5 
O-O 9.Nbd2 h6 10.Bxf6 Bxf6 11.e3 d6 12.Ne1 Bxg2 13.Kxg2 Nd7 14.Nd3 Nb6 15.
Qf3 Qd7 16.Rac1 Rac8 17.h4 Nc4 18.Ne4 Be7 19.Rfd1 Rc7 20.d5 Rcc8 21.b3 Nb6
22.dxe6 fxe6 23.Rxc8 Qxc8 24.Qg4 Rf5 25.Nf4 d5 26.Nd2 e5 27.Nd3 e4 28.Nf4 
Rf8 29.Qh5 Rf5 30.Qe2 Qc2 31.Nf1 Qxe2 32.Nxe2 a6 33.Rc1 Rf8 34.Rc6 Bd8 35.
Nf4 1-0

[Event "20th Reykjavik op"]
[Site "Reykjavik ISL"]
[Date "2002.03.14"]
[Round "8"]
[White "Paasikangas, Johanna"]
[Black "Schmied, Andreas"]
[Result "1-0"]
[WhiteElo "2300"]
[BlackElo "2142"]
[EventDate "2002.03.07"]
[PlyCount "71"]

1.d4 d5 2.Nf3 Nf6 3.Bg5 e6 4.Nbd2 c5 5.e3 Be7 6.c3 b6 7.Qb1 Bb7 8.Bd3 h6 
9.Bh4 Nbd7 10.a4 O-O 11.O-O Re8 12.a5 Qc7 13.b4 Nh5 14.a6 Bc8 15.Bxe7 Rxe7
16.b5 Nhf6 17.c4 Rb8 18.Qb2 e5 19.dxe5 Nxe5 20.Be2 Nxf3+ 21.Nxf3 Bg4 22.h3
Bxf3 23.Bxf3 dxc4 24.Qc2 Rd7 25.Bc6 Rd3 26.Qxc4 Rbd8 27.Rae1 Qd6 28.f4 Qe6
29.Qxe6 fxe6 30.e4 R8d4 31.e5 Nh7 32.f5 Nf8 33.fxe6 Nxe6 34.Be8 Nf4 35.e6 
Kf8 36.Bg6 1-0

[Event "20th Reykjavik op"]
[Site "Reykjavik ISL"]
[Date "2002.03.14"]
[Round "8"]
[White "Rowson, Jonathan"]
[Black "Danielsen, Henrik"]
[Result "1-0"]
[WhiteElo "2512"]
[BlackElo "2520"]
[EventDate "2002.03.07"]
[PlyCount "54"]

1.d4 f5 2.Bg5 g6 3.Nd2 Bg7 4.e4 fxe4 5.Nxe4 d5 6.Nc5 b6 7.Nb3 Nf6 8.Nf3 
O-O 9.Be2 Qd6 10.O-O Nbd7 11.c4 Bb7 12.Rc1 Ne4 13.Be3 dxc4 14.Bxc4+ Kh8 
15.Qe2 Rf5 16.Rfd1 Raf8 17.d5 Rxf3 18.gxf3 Ne5 19.Nd4 Nc5 20.b4 Na4 21.Bb3
Bxd5 22.f4 Nb2 23.fxe5 Qxe5 24.Qxb2 Ba8 25.Qe2 c5 26.bxc5 bxc5 27.Ne6 Qf6 
1-0

[Event "20th Reykjavik op"]
[Site "Reykjavik ISL"]
[Date "2002.03.14"]
[Round "8"]
[White "Thorarinsson, Pall"]
[Black "Johannesson, Ingvar Thor"]
[Result "0-1"]
[WhiteElo "2217"]
[BlackElo "2267"]
[EventDate "2002.03.07"]
[PlyCount "117"]

1.e4 e6 2.d3 d5 3.Nd2 Nf6 4.Ngf3 c5 5.g3 Nc6 6.Bg2 Be7 7.O-O O-O 8.Re1 a6 
9.e5 Ne8 10.h4 f5 11.exf6 Bxf6 12.Nf1 b6 13.c4 h6 14.Ne3 Ra7 15.Ng4 Nd6 
16.Nxf6+ Rxf6 17.cxd5 exd5 18.d4 Ne4 19.dxc5 bxc5 20.Ne5 Nxe5 21.Bxe4 d4 
22.Bf4 Ng6 23.Bb8 Raf7 24.Qh5 Bf5 25.Bxf5 Rxf5 26.Qxg6 Qxb8 27.Re2 d3 28.
Rd2 Rxf2 29.Rxf2 Rxf2 30.Re1 Rf8 31.Qxd3 Qxb2 32.Qc4+ Kh7 33.Qxc5 Rf3 34.
Qe5 Qxe5 35.Rxe5 Rxg3+ 36.Kh2 Ra3 37.Re2 Ra4 38.Kg3 Ra3+ 39.Kg4 Ra4+ 40.
Kg3 Kg6 41.Rc2 Kh5 42.Rc5+ g5 43.hxg5 hxg5 44.Rc2 Ra3+ 45.Kg2 a5 46.Rd2 
Kh4 47.Rd4+ Kh5 48.Rd2 a4 49.Rc2 Kh4 50.Rc4+ g4 51.Rc2 Rg3+ 52.Kh2 Rd3 53.
Kg2 a3 54.Re2 Rd1 55.Rc2 Rb1 56.Rc3 Rb2+ 57.Kg1 Rxa2 58.Rb3 g3 59.Rb8 0-1

[Event "20th Reykjavik op"]
[Site "Reykjavik ISL"]
[Date "2002.03.14"]
[Round "8"]
[White "Thorfinnsson, Bragi"]
[Black "Brodsky, Mikhail"]
[Result "1/2-1/2"]
[WhiteElo "2360"]
[BlackElo "2542"]
[EventDate "2002.03.07"]
[PlyCount "127"]

1.d4 e6 2.Nf3 c5 3.e3 Nf6 4.Bd3 Nc6 5.O-O d5 6.b3 Bd6 7.Bb2 O-O 8.Nbd2 b6 
9.Re1 Nb4 10.Bf1 Bb7 11.a3 Nc6 12.c4 a5 13.Ne5 Qe7 14.cxd5 exd5 15.f4 Na7 
16.Ng4 Nxg4 17.Qxg4 cxd4 18.exd4 Qf6 19.g3 Bc8 20.Qf3 Be6 21.Rac1 Rae8 22.
Bd3 Bf5 23.Nf1 Rxe1 24.Rxe1 Nc8 25.Bxf5 Qxf5 26.Qd1 Qg6 27.Qb1 Ne7 28.Qxg6
hxg6 29.Ne3 a4 30.b4 b5 31.Rc1 Rb8 32.Kf2 f6 33.Rc2 Kf7 34.Kf3 Ke6 35.Re2 
Kd7 36.Rc2 Rb7 37.Ba1 Bb8 38.Bb2 Ba7 39.Rd2 Kd6 40.Re2 Rc7 41.Rc2 Rxc2 42.
Nxc2 Nc8 43.Ke3 Nb6 44.Kd3 Nc4 45.Bc1 Ke6 46.Ne3 Bb8 47.Nd1 Kd7 48.Nc3 Kc6
49.Ne2 Bc7 50.Ng1 Nd6 51.Nf3 Nf5 52.Bd2 Kd7 53.Ng1 Nd6 54.Ne2 Bd8 55.Nc3 
Ke6 56.Bc1 Be7 57.Ne2 Ne4 58.Ng1 Kd7 59.Be3 Bd6 60.Ne2 Ke6 61.g4 Kd7 62.h3
g5 63.fxg5 fxg5 64.Nc3 1/2-1/2

[Event "20th Reykjavik op"]
[Site "Reykjavik ISL"]
[Date "2002.03.14"]
[Round "8"]
[White "Thorsteinsson, Erlingur"]
[Black "Bergsson, Stefan"]
[Result "1-0"]
[WhiteElo "2142"]
[BlackElo "2021"]
[EventDate "2002.03.07"]
[PlyCount "63"]

1.b3 e5 2.Bb2 Nc6 3.c4 f5 4.e3 Nf6 5.a3 a5 6.Qc2 Bc5 7.Qxf5 d6 8.Qg5 O-O 
9.Nc3 Qe7 10.Bd3 Qf7 11.Nge2 Nd8 12.Qh4 c6 13.Ng3 g6 14.Nge4 Nxe4 15.Nxe4 
Ne6 16.O-O Bd7 17.f4 d5 18.fxe5 Qg7 19.Nf6+ Kh8 20.Rf3 Be7 21.Raf1 Nc5 22.
Bxg6 Qxg6 23.Rg3 Bxf6 24.exf6 Qc2 25.Bd4 Rf7 26.Bxc5 Bf5 27.Rg7 Bg6 28.Bd4
Re8 29.cxd5 cxd5 30.Qh6 Ref8 31.Rxf7 Rxf7 32.Qf8+ 1-0

[Event "20th Reykjavik op"]
[Site "Reykjavik ISL"]
[Date "2002.03.14"]
[Round "8"]
[White "Votava, Jan"]
[Black "Ivanov, Mikhail M."]
[Result "0-1"]
[WhiteElo "2515"]
[BlackElo "2446"]
[EventDate "2002.03.07"]
[PlyCount "114"]

1.e4 c5 2.Nf3 Nc6 3.d4 cxd4 4.Nxd4 g6 5.c4 d6 6.Nc3 Nf6 7.Nxc6 bxc6 8.Be2 
Bg7 9.O-O O-O 10.Be3 Qa5 11.Rc1 Nd7 12.Qd2 Re8 13.b3 Nc5 14.Bf3 Bb7 15.
Rfd1 Ne6 16.Bg4 c5 17.Nd5 Qxd2 18.Rxd2 Rab8 19.Bxe6 fxe6 20.Nc7 Rec8 21.
Nxe6 Bh8 22.f3 a5 23.Bf4 Rc6 24.Bg3 Bc8 25.Nf4 a4 26.Rd3 Kf7 27.Nd5 axb3 
28.axb3 Ra6 29.e5 Bf5 30.Re3 Ra3 31.Rcc3 Ra1+ 32.Kf2 Ra2+ 33.Re2 Rxe2+ 34.
Kxe2 Ra8 35.Re3 Ra2+ 36.Kf1 Ra1+ 37.Kf2 Ra2+ 38.Re2 Ra3 39.Re3 Ra2+ 40.Re2
Ra3 41.Bf4 g5 42.Bc1 Rxb3 43.exd6 exd6 44.Re7+ Kg6 45.g4 Bd3 46.Re6+ Kf7 
47.Re7+ Kg6 48.Re6+ Kf7 49.Rxd6 Bd4+ 50.Kg2 Bxc4 51.Nc7 Rb1 52.Bxg5 Rg1+ 
53.Kh3 Bf2 54.Rd7+ Kg6 55.Rd6+ Kxg5 56.Ne6+ Kf6 57.Nxc5+ Ke7 0-1

[Event "20th Reykjavik op"]
[Site "Reykjavik ISL"]
[Date "2002.03.15"]
[Round "9"]
[White "Arnarsson, Hrannar"]
[Black "Halldorsson, Jon Arni"]
[Result "0-1"]
[WhiteElo "2035"]
[BlackElo "2181"]
[EventDate "2002.03.07"]
[PlyCount "114"]

1.e4 e6 2.c4 d5 3.exd5 exd5 4.cxd5 Nf6 5.Nc3 Nxd5 6.Qb3 Nb6 7.Nf3 Be6 8.
Qc2 Be7 9.Bb5+ c6 10.Be2 O-O 11.d4 N8d7 12.O-O Re8 13.Bd3 Nf6 14.Ng5 g6 
15.Nxe6 fxe6 16.Bxg6 hxg6 17.Qxg6+ Kh8 18.Re1 Rg8 19.Qh6+ Nh7 20.Qxe6 Bf6 
21.Be3 Qd7 22.d5 Qxe6 23.dxe6 Rae8 24.Bxb6 axb6 25.f4 Bd4+ 26.Kh1 Rgf8 27.
g3 Rf6 28.Rad1 c5 29.e7 Rf7 30.Nd5 Nf6 31.Nxf6 Rxf6 32.Kg2 Kg7 33.b4 Kf7 
34.bxc5 bxc5 35.h4 Rxe7 36.Kf3 Ra6 37.Rxe7+ Kxe7 38.Rd2 Ra3+ 39.Kg4 Kf6 
40.h5 b5 41.Rh2 Kg7 42.Rg2 c4 43.Kf5 b4 44.Ke4 Bf6 45.g4 b3 46.axb3 cxb3 
47.Rd2 Ra4+ 48.Kf5 Bd4 49.Rd3 Rb4 50.Rd1 b2 51.Rb1 Be3 52.g5 Rxf4+ 53.Ke5 
Rb4 54.Kd5 Bxg5 55.Kc5 Be7+ 56.Kd5 Kh6 57.Ke5 Bg5 0-1

[Event "20th Reykjavik op"]
[Site "Reykjavik ISL"]
[Date "2002.03.15"]
[Round "9"]
[White "Bergsson, Stefan"]
[Black "Arngrimsson, Dagur"]
[Result "0-1"]
[WhiteElo "2021"]
[BlackElo "2094"]
[EventDate "2002.03.07"]
[PlyCount "83"]

1.d4 d5 2.Nf3 Nf6 3.c4 e6 4.Nc3 Be7 5.Bg5 Nbd7 6.e3 O-O 7.cxd5 exd5 8.Bd3 
c6 9.Qc2 Re8 10.O-O Nf8 11.Ne5 Ne4 12.Bxe7 Qxe7 13.Nxe4 dxe4 14.Bc4 Be6 
15.Bxe6 Qxe6 16.Qc4 Qd5 17.Qc3 c5 18.Rfd1 cxd4 19.exd4 Rac8 20.Qb3 Qe6 21.
Rac1 Qxb3 22.axb3 Rxc1 23.Rxc1 Ne6 24.Rd1 Rd8 25.d5 Nf4 26.d6 f6 27.g3 
fxe5 28.gxf4 exf4 29.f3 e3 30.Rd4 g5 31.h4 gxh4 32.Rxf4 Rxd6 33.Re4 Rd1+ 
34.Kg2 Rd2+ 35.Kh3 e2 36.f4 Rxb2 37.Kxh4 Kf7 38.Kg5 h6+ 39.Kxh6 Kf6 40.Kh5
Kf5 41.Re8 e1=Q 42.Rxe1 0-1

[Event "20th Reykjavik op"]
[Site "Reykjavik ISL"]
[Date "2002.03.15"]
[Round "9"]
[White "Bjarnason, Saevar"]
[Black "Schubert, Hans-Joachim"]
[Result "1-0"]
[WhiteElo "2256"]
[BlackElo "2005"]
[EventDate "2002.03.07"]
[PlyCount "35"]

1.d4 f5 2.Bg5 d5 3.e3 Nf6 4.Bxf6 exf6 5.c4 c6 6.cxd5 cxd5 7.Nc3 Bb4 8.Bb5+
Nc6 9.Ne2 O-O 10.O-O Qd6 11.Rc1 Be6 12.a3 Ba5 13.Bd3 Bc7 14.g3 a6 15.Nf4 
g6 16.Nxe6 Qxe6 17.Nxd5 Bd6 18.Bc4 1-0

[Event "20th Reykjavik op"]
[Site "Reykjavik ISL"]
[Date "2002.03.15"]
[Round "9"]
[White "Brodsky, Mikhail"]
[Black "Bjornsson, Sigurbjorn"]
[Result "1/2-1/2"]
[WhiteElo "2542"]
[BlackElo "2312"]
[EventDate "2002.03.07"]
[PlyCount "98"]

1.e4 e5 2.Nf3 Nc6 3.Bb5 a6 4.Ba4 Nf6 5.O-O Be7 6.Re1 b5 7.Bb3 d6 8.c3 O-O 
9.d3 Na5 10.Bc2 c5 11.Nbd2 h6 12.Nf1 Re8 13.d4 cxd4 14.cxd4 Qc7 15.h3 Bf8 
16.d5 Bd7 17.b3 Rec8 18.Ne3 Nb7 19.Bb2 Nc5 20.Nd2 a5 21.a3 Qb7 22.Rf1 Ne8 
23.f4 Qa7 24.Kh1 exf4 25.Rxf4 Nxb3 26.Nxb3 Qxe3 27.Rf3 Qg5 28.Qd3 g6 29.
Raf1 Bg7 30.Bxg7 Nxg7 31.Rxf7 Be8 32.R7f3 Qe5 33.Nd4 Rc4 34.Nc6 Qb2 35.Bd1
Kh7 36.a4 Bxc6 37.dxc6 Rxc6 38.axb5 Rb6 39.Bb3 Rab8 40.Bc4 Qe5 41.Rf7 R6b7
42.Rxb7 Rxb7 43.Bd5 Rb8 44.Qc4 h5 45.Qc6 h4 46.Qd7 Kh6 47.Qg4 Nh5 48.Kg1 
Qd4+ 49.Kh2 Qe5+ 1/2-1/2

[Event "20th Reykjavik op"]
[Site "Reykjavik ISL"]
[Date "2002.03.15"]
[Round "9"]
[White "Einarsson, Einar Kristinn"]
[Black "Gudmundsson, Kjartan"]
[Result "1-0"]
[WhiteElo "2107"]
[BlackElo "2034"]
[EventDate "2002.03.07"]
[PlyCount "45"]

1.Nf3 d6 2.d4 g6 3.c4 Bg7 4.Nc3 Nc6 5.e4 e5 6.d5 Nce7 7.Be2 f5 8.O-O Nf6 
9.Nd2 O-O 10.b4 a5 11.Ba3 f4 12.bxa5 g5 13.c5 Ne8 14.Nc4 Rf6 15.Nb5 Ng6 
16.Rc1 Qd7 17.Nbxd6 Nxd6 18.cxd6 g4 19.Bxg4 Qe8 20.Nb6 Bxg4 21.Qxg4 h5 22.
Qh3 f3 23.g3 1-0

[Event "20th Reykjavik op"]
[Site "Reykjavik ISL"]
[Date "2002.03.15"]
[Round "9"]
[White "Gretarsson, Helgi Ass"]
[Black "Neverov, Valeriy"]
[Result "1/2-1/2"]
[WhiteElo "2520"]
[BlackElo "2578"]
[EventDate "2002.03.07"]
[PlyCount "23"]

1.d4 Nf6 2.c4 g6 3.Nc3 d5 4.Bf4 Bg7 5.e3 c5 6.dxc5 Qa5 7.Rc1 dxc4 8.Bxc4 
O-O 9.Nf3 Nc6 10.O-O Qxc5 11.Bb3 Qa5 12.h3 1/2-1/2

[Event "20th Reykjavik op"]
[Site "Reykjavik ISL"]
[Date "2002.03.15"]
[Round "9"]
[White "Gunnarsson, Arnar"]
[Black "Bjornsson, Tomas"]
[Result "0-1"]
[WhiteElo "2322"]
[BlackElo "2248"]
[EventDate "2002.03.07"]
[PlyCount "70"]

1.e4 c5 2.c3 d5 3.exd5 Qxd5 4.d4 cxd4 5.cxd4 Nc6 6.Nf3 e6 7.Nc3 Qd8 8.Bd3 
Nf6 9.O-O Be7 10.Re1 O-O 11.Bg5 b6 12.Qe2 Bb7 13.Rad1 Nb4 14.Bb1 g6 15.Ne5
Nh5 16.Bh6 Ng7 17.a3 Nd5 18.Rd3 Ba6 19.Nxd5 Qxd5 20.Qg4 Bxd3 21.Bxd3 Rac8 
22.h4 f5 23.Qh3 Qxd4 24.h5 g5 25.Bxg7 Kxg7 26.h6+ Kg8 27.Qf3 g4 28.Qg3 Bd6
29.Ba6 Bxe5 30.Rxe5 Rc1+ 31.Bf1 Qc4 32.Kh2 Rxf1 33.Qe3 Qc1 34.Qb3 Qf4+ 35.
Qg3 Qxh6+ 0-1

[Event "20th Reykjavik op"]
[Site "Reykjavik ISL"]
[Date "2002.03.15"]
[Round "9"]
[White "Hagesaether, Ellen"]
[Black "Kjartansson, David"]
[Result "1/2-1/2"]
[WhiteElo "2102"]
[BlackElo "2235"]
[EventDate "2002.03.07"]
[PlyCount "50"]

1.e4 e6 2.d3 c5 3.Nf3 Nc6 4.g3 d6 5.Bg2 Nf6 6.O-O Be7 7.c3 O-O 8.a3 a6 9.
b4 Qc7 10.Qe2 b6 11.Bb2 Bb7 12.d4 d5 13.e5 Nd7 14.h4 Rae8 15.Bh3 Kh8 16.
Ng5 Bxg5 17.hxg5 f6 18.exf6 gxf6 19.dxc5 bxc5 20.bxc5 Nce5 21.gxf6 Nc4 22.
Bc1 Rxf6 23.Nd2 Nde5 24.Bg2 Rg8 25.Nxc4 Nxc4 1/2-1/2

[Event "20th Reykjavik op"]
[Site "Reykjavik ISL"]
[Date "2002.03.15"]
[Round "9"]
[White "Ingason, Sigurdur"]
[Black "Halldorsson, Halldor"]
[Result "0-1"]
[WhiteElo "2059"]
[BlackElo "2149"]
[EventDate "2002.03.07"]
[PlyCount "86"]

1.c4 Nf6 2.g3 c5 3.Bg2 d5 4.cxd5 Nxd5 5.Nc3 Nc7 6.Nf3 Nc6 7.O-O e5 8.d3 
Be7 9.Ne1 Rb8 10.f4 f6 11.Bxc6+ bxc6 12.fxe5 Qd4+ 13.Kh1 Nd5 14.Nxd5 Qxd5+
15.e4 Qxe5 16.Bf4 Qxb2 17.Bxb8 Qxb8 18.Ng2 Be6 19.Nf4 Bf7 20.Qg4 g6 21.Ne2
O-O 22.Qd7 Qd8 23.Qxa7 g5 24.Qa6 Kg7 25.a4 Bh5 26.Rae1 Qd7 27.Nc1 Qd4 28.
Qc4 Qxc4 29.dxc4 Ra8 30.Rf2 Rxa4 31.Rc2 Bf7 32.Re3 Bxc4 33.Ne2 Be6 34.Kg2 
h5 35.Rb2 Rb4 36.Rc2 Kf7 37.Nc1 Rxe4 38.Kf2 Bd5 39.Nd3 c4 40.Nb2 Bc5 41.
Nd1 f5 42.Ke2 Bxe3 43.Nxe3 f4 0-1

[Event "20th Reykjavik op"]
[Site "Reykjavik ISL"]
[Date "2002.03.15"]
[Round "9"]
[White "Ingolfsdottir, Harpa"]
[Black "Thorarinsson, Pall"]
[Result "1/2-1/2"]
[WhiteElo "2053"]
[BlackElo "2217"]
[EventDate "2002.03.07"]
[PlyCount "103"]

1.e4 g6 2.d4 Bg7 3.Nc3 d6 4.Be3 a6 5.Be2 b5 6.Bf3 Bb7 7.e5 Qc8 8.Bg4 e6 9.
Nf3 b4 10.Ne2 Nd7 11.Nf4 Nh6 12.Ng5 O-O 13.exd6 cxd6 14.O-O Nxg4 15.Qxg4 
Nf6 16.Qe2 Nd5 17.Nxd5 Bxd5 18.Rfc1 Qb7 19.Qg4 f5 20.Qe2 f4 21.Bd2 Bxd4 
22.c4 bxc3 23.Bxc3 Bxc3 24.Rxc3 h6 25.Qc2 Rf5 26.Rc7 Qb4 27.Nf3 Bxf3 28.
gxf3 Raf8 29.a3 Qd4 30.Rd1 Qe5 31.Kf1 Qb5+ 32.Kg1 R8f7 33.Rxf7 Kxf7 34.
Qc7+ Kg8 35.Qc8+ Kf7 36.Qc7+ Kf6 37.Qxd6 Kg5 38.Qxe6 Kh5 39.Kh1 Qxb2 40.
Rg1 Qf6 41.Qc8 a5 42.a4 Qd6 43.Qc2 Qd5 44.Qd1 g5 45.Kg2 Kh4 46.Re1 Qxd1 
47.Rxd1 Rc5 48.Rd6 Kh5 49.Ra6 Rd5 50.h3 Rc5 51.Kf1 Re5 52.Kg2 1/2-1/2